Normal view
MARC view
- Eisenstadt, S. N.
Entry Personal Name
001 - CONTROL NUMBER
- control field: 2769
003 - CONTROL NUMBER IDENTIFIER
- control field: OSt
005 - DATE AND TIME OF LATEST TRANSACTION
- control field: 20170509141647.0
008 - FIXED-LENGTH DATA ELEMENTS
- fixed length control field: 170509|| aca||aabn | a|a d
040 ## - CATALOGING SOURCE
- Original cataloging agency: OSt
- Transcribing agency: OSt
100 ## - HEADING--PERSONAL NAME
- Personal name: Eisenstadt, S. N.
- Dates associated with a name: 1923-2010.
670 ## - SOURCE DATA FOUND
- Source citation: Work cat.: (OSt): Comparative social dynamics, 1985.

PORTAL AKMAL
E-MEL JKDM
AKMAL2U
G-BAM
u-PUSTAKA